书目信息 |
| 题名: |
网店应该这样推广
|
|
| 作者: | 孙东云 编著 | |
| 分册: | ||
| 出版信息: | 北京 电子工业出版社 2015.01 |
|
| 页数: | XIV, 302页 | |
| 开本: | 24cm | |
| 丛书名: | ||
| 单 册: | ||
| 中图分类: | F713.36 | |
| 科图分类: | ||
| 主题词: | 电子商务--dian zi shang wu--商业经营 | |
| 电子资源: | ||
| ISBN: | 978-7-121-25231-0 | |
| 000 | 01009nam0 2200265 450 | |
| 001 | CAL 0120151482471 | |
| 005 | 20150823171155.31 | |
| 010 | @a978-7-121-25231-0@dCNY49.00 | |
| 100 | @a20150121d2015 em y0chiy50 ea | |
| 101 | 0 | @achi |
| 102 | @aCN@b110000 | |
| 105 | @aa z 000yy | |
| 106 | @ar | |
| 200 | 1 | @a网店应该这样推广@Awang dian ying gai zhe yang tui guang@e淘宝店铺赚钱的秘密@f孙东云等编著 |
| 205 | @a第2版 | |
| 210 | @a北京@c电子工业出版社@d2015.01 | |
| 215 | @aXIV, 302页@c图@d24cm | |
| 330 | @a本书系统介绍了商品发布技巧、商品定价“潜规则”、用好千牛软件、利用淘宝免费资源来推广网店、淘宝论坛免费推广、直通车推广、淘宝搜索与SEO、满就送赚钱赚人气、设置好钻石展位、聚划算与买家的沟通技巧、分析买家心理等。 | |
| 517 | 1 | @a淘宝店铺赚钱的秘密@Atao bao dian pu zhuan qian de mi mi |
| 586 | @a | |
| 606 | 0 | @a电子商务@Adian zi shang wu@x商业经营 |
| 690 | @aF713.36@v5 | |
| 701 | 0 | @a孙东云@Asun dong yun@4编著 |
| 801 | 0 | @aCN@c20150820 |
| 905 | @a河南城建学院图书馆@dF713.36@eS910@f3 | |
| 网店应该这样推广:淘宝店铺赚钱的秘密/孙东云等编著.-第2版.-北京:电子工业出版社,2015.01 |
| XIV, 302页:图;24cm |
| ISBN 978-7-121-25231-0:CNY49.00 |
| 本书系统介绍了商品发布技巧、商品定价“潜规则”、用好千牛软件、利用淘宝免费资源来推广网店、淘宝论坛免费推广、直通车推广、淘宝搜索与SEO、满就送赚钱赚人气、设置好钻石展位、聚划算与买家的沟通技巧、分析买家心理等。 |
| ● |
| 相关链接 |
|
|
|
正题名:网店应该这样推广
索取号:F713.36/S910
 
预约/预借
| 序号 | 登录号 | 条形码 | 馆藏地/架位号 | 状态 | 备注 |
| 1 | 1169794 | 211697948 | 社科库409/409社科库 42排2列3层/ [索取号:F713.36/S910] | 在馆 | |
| 2 | 1169795 | 211697957 | 社科库409/409社科库 42排2列3层/ [索取号:F713.36/S910] | 在馆 | |
| 3 | 1169796 | 211697966 | 社科库409/409社科库 42排2列3层/ [索取号:F713.36/S910] | 在馆 |